Ont-ils déjà joué avec... Jake Gyllenhaal ? - Statistiques

Statistiques générales
  • Ce quiz a été pris 18 fois
  • Le résultat moyen est 2 sur 10
Answers on the Grid
Answers color-coded by a green-red scale on the quiz's grid according to % correct below.
Anne Hathaway
Asia Argento
Daniel Day-Lewis
Jack Nicholson
Maggie Gyllenhaal
Barbra Streisand
Lionel Richie
Michael Douglas
Alec Baldwin
Shia LaBeouf
Juliette Binoche
Catherine Zeta-Jones
John Malkovich
Carey Mulligan
Joaquin Phoenix
Zooey Deschanel
Gwyneth Paltrow
Reese Witherspoon
Danny Trejo
Dustin Hoffman
 
Statistiques - réponses
Réponse % Correct
Anne Hathaway
63%
Maggie Gyllenhaal
56%
Gwyneth Paltrow
31%
Carey Mulligan
25%
Reese Witherspoon
25%
Zooey Deschanel
19%
Joaquin Phoenix
13%
Danny Trejo
6%
John Malkovich
6%
Dustin Hoffman
0%
Aucun quiz correspondant
Distribution des résultats
% des personnes avec chaque résultat
Percentile par nombre de réponses
Votre historique - résultats
Vous n’avez pas pris ce quiz